000 02299cam a22002894i 4500
003 PE-LiUPU
005 20250918100750.0
008 2017xxxxuuuuu uy a rb 000 0 spa d
020 _a9789974749122
035 _aPE-LiUPU000002
040 _aPE-LiUPU
_bspa
_cPE-LiUPU
_erda
082 0 4 _a610.73
_bM385m
_220
100 _aMartinez Reyes, Carolina,
_eautor.
_96846
245 1 0 _aManual ilustrado enfermería fundamental :
_bcompendio teórico‑práctico con procedimientos innovadores y normas actualizadas /
_cpor Carolina Martinez Reyes y Mirta Angélica Furriel.
264 1 _aMontevideo :
_bArquetipo Grupo Editorial,
_c2017.
300 _a912 páginas :
_btapa dura ;
_c28 cm
336 _atext
_2rdacontent
337 _aunmediated
_2rdamedia
338 _avolume
_2rdacarrier
504 _aBibliografía : al final del libro.
505 0 _aLa enfermería como profesión -- Actividades básicas de enfermería -- Comodidad y mecánica corporal -- La nutrición en enfermería -- La higiene personal -- Eliminación intestinal y urinaria -- Manejo de líquidos, electrolitos y balance ácido-base -- Manejo de la oxigenación -- ¿Qué es la comunicación? -- Clasificaciones NANDA, NOC y NIC -- El proceso de enfermería -- Diagnóstico de enfermería -- Evaluación de los sistemas orgánicos -- Administración de medicamentos y farmacología -- Atención ante enfermedades infectocontagiosas -- Control de desperdicios biomédicos -- Cuidados de enfermería en el proceso de rehabilitación -- El manejo del dolor: un desafío -- Primeros auxilios en emergencias -- Manejo del paciente inconsciente -- Manejo del paciente en estado de shock -- Manejo del estrés -- Manejo de la pérdida, el duelo y la muerte -- Promoción de la salud -- Atención materno-infantil -- Nociones de anatomía y fisiología humana -- Valores normales de referencia de laboratorio -- Cálculos de enfermería -- Instrumentos médicos para cirugías y otros procedimientos -- Índice de tablas y procedimientos.
650 1 0 _aEnfermería fundamental
_zUruguay.
_96847
700 _aFurriel, Mirta Angélica,
_eautor.
_96848
942 _2ddc
_cBK
980 _621515
_aROMINA COBOS Adquisiciones
_821515
_gROMINA COBOS Adquisiciones
999 _c63045
_d63044